000
00303nam a22001217a 4500
008
181126b xxu||||| |||| 00| 0 eng d
041
_a
eng
080
_a
043.3
100
_a
0
101
_a
BTH-SHP
245
_a
Gjendja e Qipros dhe Roli i Misionit Paqeruajtes se OKB-se
_c
Musliu, Sh
942
_2
udc
_c
BK
999
_c
52532
_d
52532